[Event "I Open Lago Maggiore A"]
[Site "Leggiuno ITA"]
[Date "2014.05.31"]
[Round "2"]
[White "Mantovani, Renzo"]
[Black "Paleologu, Vladimir"]
[WhiteElo "2346"]
[BlackElo "2159"]
[Result "1/2-1/2"]
[PlyCount "146"]
[EventDate "2014.05.30"]

1. e4 d5 2. exd5 Qxd5 3. Nc3 Qa5 4. d4 Nf6 5. Nf3 c6 6. Ne5 Be6 7. Bc4 Bxc4 8.
Nxc4 Qd8 9. Qd3 e6 10. Bg5 Nbd7 11. Ne4 Be7 12. Ned6+ Bxd6 13. Nxd6+ Kf8 14.
Nxb7 Qb6 15. Qa3+ Kg8 16. Nc5 Rb8 17. O-O-O Qb4 18. Qxb4 Rxb4 19. Nxd7 Nxd7 20.
Rd3 f6 21. Bd2 Ra4 22. a3 Kf7 23. Bb4 Ra6 24. Re1 Re8 25. Bd6 Ra5 26. Rc3 Rc8
27. Bc5 a6 28. b4 Rb5 29. Rce3 Re8 30. c4 Rb7 31. Kc2 a5 32. Bd6 Ra7 33. b5
cxb5 34. cxb5 a4 35. d5 e5 36. f4 Rb7 37. fxe5 fxe5 38. Rf1+ Kg8 39. Rb1 e4 40.
Rb4 Nf6 41. Rxa4 Rxb5 42. Rd4 Rc8+ 43. Rc3 Rd8 44. Be7 Rbxd5 45. Bxf6 Rxd4 46.
Bxd8 Rxd8 47. Re3 Rd4 48. Kc3 Ra4 49. Kb3 Rd4 50. Kc3 Ra4 51. Kb3 Rd4 52. a4
Kf7 53. a5 Kf6 54. Re2 Ke5 55. a6 Rd7 56. Ra2 Ra7 57. Kc4 Kf4 58. Kb5 Ke3 59.
Kb6 Ra8 60. Kb7 Rf8 61. a7 Kd3 62. a8=Q Rxa8 63. Rxa8 e3 64. Rd8+ Kc2 65. Rc8+
Kd1 66. Rd8+ Kc2 67. Re8 Kd2 68. Kc6 e2 69. Rd8+ Ke3 70. Kd5 Kf2 71. Rf8+ Kxg2
72. Re8 Kf2 73. Rf8+ Kg2 1/2-1/2

[Event "I Open Lago Maggiore A"]
[Site "Leggiuno ITA"]
[Date "2014.05.31"]
[Round "2"]
[White "Medici, Simone"]
[Black "Bender, Dirk"]
[WhiteElo "2122"]
[BlackElo "2072"]
[Result "1-0"]
[PlyCount "67"]
[EventDate "2014.05.30"]

1. d4 Nf6 2. c4 e6 3. Nf3 Bb4+ 4. Bd2 Qe7 5. a3 Bxd2+ 6. Nbxd2 b6 7. e3 Bb7 8.
Bd3 d6 9. O-O Nbd7 10. e4 e5 11. b4 O-O 12. d5 a5 13. Rb1 g6 14. g3 Nh5 15. Nh4
Ng7 16. Qc2 axb4 17. axb4 Ra7 18. Nb3 Rfa8 19. Rb2 c6 20. Rfb1 Rc8 21. Qd2 Ba8
22. Ra2 Nf6 23. Rxa7 Qxa7 24. Ra1 Qc7 25. Qg5 Qe7 26. Qe3 cxd5 27. cxd5 Qb7 28.
Ba6 Qb8 29. Bxc8 Qxc8 30. Qc1 Qb7 31. f3 Nfe8 32. b5 f5 33. Qc6 fxe4 34. Rxa8
1-0

[Event "I Open Lago Maggiore A"]
[Site "Leggiuno ITA"]
[Date "2014.05.31"]
[Round "2"]
[White "Moroni, Luca jr"]
[Black "Sanchez, Joseph"]
[WhiteElo "2327"]
[BlackElo "2512"]
[Result "1/2-1/2"]
[PlyCount "211"]
[EventDate "2014.05.30"]

1. Nf3 d5 2. c4 c6 3. e3 Nf6 4. Nc3 a6 5. Qc2 Bg4 6. Ne5 Be6 7. d4 Nbd7 8. Nxd7
Qxd7 9. Na4 Qc7 10. c5 g6 11. Bd3 Bg7 12. Bd2 Nd7 13. Bc3 O-O 14. O-O Rae8 15.
f4 f6 16. b4 Kh8 17. Be1 Qd8 18. Bg3 Bg8 19. f5 gxf5 20. Bxf5 e6 21. Bd3 f5 22.
Bd6 Rf6 23. Rae1 Rg6 24. Nc3 Nf6 25. Be2 Ng4 26. Bxg4 Rxg4 27. Ne2 Re4 28. Ng3
Rh4 29. Ne2 Re4 30. Ng3 Rh4 31. Qf2 Bf7 32. Ne2 Rg8 33. Nf4 Qg5 34. a4 Rh6 35.
Nd3 Qh4 36. Qxh4 Rxh4 37. Be5 Be8 38. Rf4 Rh6 39. Bxg7+ Kxg7 40. h3 Kf6 41. Kh2
Rhg6 42. Re2 Rg3 43. Rff2 h5 44. Ne5 Ke7 45. Rf3 h4 46. Rf4 Bh5 47. Rb2 Rxe3
48. Rxh4 Rg5 49. g4 Bg6 50. b5 axb5 51. axb5 fxg4 52. hxg4 Rgxe5 53. dxe5 Rxe5
54. bxc6 bxc6 55. Rb4 Kf6 56. Rh8 Re2+ 57. Kg3 Rc2 58. Rc8 Rxc5 59. Rb6 Rc3+
60. Kh4 d4 61. Rbxc6 Rxc6 62. Rxc6 d3 63. Kg3 Be4 64. Rd6 Ke7 65. Rd4 e5 66.
Rxe4 d2 67. Rxe5+ Kd6 68. Re8 Kd7 69. Re5 d1=Q 70. Rf5 Ke6 71. Kh3 Qd3+ 72. Kg2
Qe4+ 73. Kh3 Qe1 74. Kg2 Qh4 75. Kf3 Qh3+ 76. Kf4 Qg2 77. Re5+ Kd6 78. Rf5 Qf2+
79. Kg5 Qg3 80. Kh5 Ke6 81. Kg5 Qh3 82. Kf4 Qc3 83. Kg5 Qg3 84. Kh5 Qh3+ 85.
Kg5 Qh2 86. Rf6+ Ke5 87. Kg6 Qc2+ 88. Rf5+ Ke6 89. Kg5 Qh2 90. Rf6+ Ke5 91. Kg6
Qh8 92. g5 Qg8+ 93. Kh6 Qh8+ 94. Kg6 Qe8+ 95. Kg7 Qe7+ 96. Kg6 Qe8+ 97. Kg7
Qe7+ 98. Kg6 Qd7 99. Kh6 Qg4 100. Kg6 Qh3 101. Rf7 Qh4 102. Rf5+ Ke4 103. Rf6
Qg4 104. Rf7 Qh4 105. Rh7 Qg3 106. Rf7 1/2-1/2

[Event "I Open Lago Maggiore A"]
[Site "Leggiuno ITA"]
[Date "2014.05.31"]
[Round "2"]
[White "Rodolfo Masera, Giovanni Luca"]
[Black "Cacciola, Alfredo"]
[WhiteElo "1943"]
[BlackElo "2104"]
[Result "0-1"]
[PlyCount "106"]
[EventDate "2014.05.30"]

1. d4 Nf6 2. c4 g6 3. g3 Bg7 4. Bg2 O-O 5. Nf3 d6 6. Nc3 Nc6 7. d5 Na5 8. Nd2
c5 9. h3 a6 10. O-O Rb8 11. a4 e5 12. e4 Bh6 13. b3 Nh5 14. Nf3 Bxc1 15. Rxc1
Bd7 16. Kh2 b5 17. axb5 axb5 18. Nd2 bxc4 19. bxc4 Rb4 20. Qe2 Rb2 21. Qd3 Qc7
22. Rb1 Rfb8 23. Rxb2 Rxb2 24. Rb1 Qb6 25. Bf1 Qb4 26. Rxb2 Qxb2 27. Ncb1 Ba4
28. Qc3 Qb4 29. Be2 Nf6 30. f3 Nd7 31. Kg2 Nb6 32. Kf2 Bb3 33. Nxb3 Nxb3 34.
Qxb4 cxb4 35. Ke3 Nd4 36. Bd3 Na4 37. f4 f6 38. fxe5 fxe5 39. Nd2 Nc3 40. Bb1
Nd1+ 41. Kd3 Nf2+ 42. Ke3 Nxh3 43. c5 dxc5 44. Nc4 Ng5 45. Nxe5 Nb5 46. Nc4 Kf8
47. e5 Nc3 48. Kf4 Ne6+ 49. dxe6 Nxb1 50. Nd6 b3 51. Nf7 Nc3 52. Ng5 b2 53.
Nxh7+ Ke7 0-1

[Event "I Open Lago Maggiore A"]
[Site "Leggiuno ITA"]
[Date "2014.05.31"]
[Round "2"]
[White "Tomasini, Giovanni"]
[Black "Qendro, Llambi"]
[WhiteElo "2105"]
[BlackElo "2338"]
[Result "0-1"]
[PlyCount "74"]
[EventDate "2014.05.30"]

1. e4 g6 2. d4 Bg7 3. Nf3 d6 4. h3 Nf6 5. Nc3 c6 6. Bc4 O-O 7. Bb3 Qc7 8. Be3
Nbd7 9. Qe2 b5 10. Bf4 e5 11. dxe5 dxe5 12. Bh2 a5 13. a4 b4 14. Nd1 Nh5 15.
Ne3 Nf4 16. Qf1 Nb6 17. Nd2 Ba6 18. Ndc4 Rfd8 19. f3 Rd4 20. g3 Ne6 21. c3 Nc5
22. cxd4 Nxb3 23. Rd1 exd4 24. g4 Qa7 25. Qd3 Nc5 26. Qc2 b3 27. Qc1 dxe3 28.
Nxb6 Qxb6 29. Qxe3 Nxa4 30. Qxb6 Nxb6 31. Bg1 Nc4 32. Bd4 Nxb2 33. Bxb2 Bxb2
34. Rh2 Bc3+ 35. Kf2 a4 36. Ke3 a3 37. Rc1 a2 0-1

[Event "I Open Lago Maggiore A"]
[Site "Leggiuno ITA"]
[Date "2014.05.31"]
[Round "3"]
[White "Bender, Dirk"]
[Black "Rodolfo Masera, Giovanni Luca"]
[WhiteElo "2072"]
[BlackElo "1943"]
[Result "1-0"]
[PlyCount "117"]
[EventDate "2014.05.30"]

1. c4 Nf6 2. g3 g6 3. Bg2 Bg7 4. Nc3 O-O 5. e3 c5 6. Nge2 Nc6 7. O-O d6 8. Rb1
Bf5 9. d3 a6 10. a3 Qd7 11. Nf4 Rab8 12. e4 Be6 13. Nxe6 Qxe6 14. Nd5 Qd7 15.
Nf4 b5 16. Bh3 Qd8 17. Nd5 e6 18. cxb5 axb5 19. Nxf6+ Bxf6 20. Be3 Bd4 21. Qd2
Re8 22. f4 Qe7 23. Rbe1 b4 24. Bxd4 Nxd4 25. Kh1 bxa3 26. bxa3 Qa7 27. f5 exf5
28. exf5 Rxe1 29. Qxe1 gxf5 30. Qe3 f6 31. Bxf5 Nxf5 32. Qe6+ Kg7 33. Qxf5 Qb7+
34. Kg1 Qe7 35. Rf4 Re8 36. Rg4+ Kh8 37. Re4 Qf7 38. Rxe8+ Qxe8 39. Qxf6+ Kg8
40. Kf2 Qb8 41. h4 Qb6 42. Kf3 Qa6 43. Qc3 Qc6+ 44. Kg4 d5 45. Qe5 c4 46. dxc4
dxc4 47. Qc3 Qe4+ 48. Kg5 Qe7+ 49. Kf4 Qd6+ 50. Ke4 Qe6+ 51. Kd4 Qg4+ 52. Kd5
Qd7+ 53. Kxc4 Qc7+ 54. Kb3 Qb6+ 55. Ka2 Qf2+ 56. Qb2 Qc5 57. Qb3+ Kg7 58. a4
Qf2+ 59. Qb2+ 1-0

[Event "I Open Lago Maggiore A"]
[Site "Leggiuno ITA"]
[Date "2014.05.31"]
[Round "3"]
[White "Boschetti, Claudio"]
[Black "Medici, Simone"]
[WhiteElo "2114"]
[BlackElo "2122"]
[Result "1-0"]
[PlyCount "85"]
[EventDate "2014.05.30"]

1. e4 c6 2. d4 d5 3. Nc3 dxe4 4. Nxe4 Nd7 5. Nf3 Ngf6 6. Nxf6+ Nxf6 7. Ne5 e6
8. Bc4 Bd6 9. Qe2 O-O 10. O-O c5 11. dxc5 Bxc5 12. Bg5 Be7 13. Rad1 Qc7 14. Rd3
Nd5 15. Bxe7 Nxe7 16. Rh3 Nd5 17. Qh5 h6 18. Rh4 Ne7 19. Re1 Qa5 20. c3 Nf5 21.
Rh3 Qd8 22. Rd3 Qf6 23. g4 g6 24. Qh3 Nh4 25. f4 Rd8 26. Rxd8+ Qxd8 27. Qe3 b5
28. Bb3 Bb7 29. Rd1 Qb6 30. Qxb6 axb6 31. Nxf7 Nf3+ 32. Kf2 Kxf7 33. Rd7+ Kf6
34. Rxb7 Nxh2 35. Rxb6 Nxg4+ 36. Kg3 h5 37. Bxe6 Kg7 38. Bxg4 hxg4 39. a3 Ra5
40. Kxg4 Kf7 41. Rc6 Kg7 42. Rc5 Kh6 43. c4 1-0

[Event "I Open Lago Maggiore A"]
[Site "Leggiuno ITA"]
[Date "2014.05.31"]
[Round "3"]
[White "Cacciola, Alfredo"]
[Black "Tomasini, Giovanni"]
[WhiteElo "2104"]
[BlackElo "2105"]
[Result "1-0"]
[PlyCount "82"]
[EventDate "2014.05.30"]

1. e4 Nf6 2. e5 Nd5 3. d4 d6 4. Nf3 Bg4 5. Be2 e6 6. O-O Nc6 7. exd6 cxd6 8. c4
Nb6 9. d5 exd5 10. cxd5 Bxf3 11. Bxf3 Ne5 12. Be4 Be7 13. a4 O-O 14. Ra3 f5 15.
Bc2 g6 16. Nd2 Bf6 17. Nf3 Nxf3+ 18. Rxf3 Bg7 19. Re1 Nc4 20. Rb3 b6 21. Bd3
Rc8 22. Rb4 Ne5 23. Bb5 Ng4 24. h3 Nf6 25. Bc6 Ne4 26. f3 Nc5 27. Qe2 Qf6 28.
Be3 Qe5 29. f4 Qe7 30. Bxc5 Qxe2 31. Rxe2 dxc5 32. Rc4 Bf6 33. Rc1 Rcd8 34. Kf2
g5 35. fxg5 Bxg5 36. Rce1 Bf6 37. b3 Rd6 38. Kf3 Bc3 39. Re6 Kg7 40. g3 Rxe6
41. Rxe6 Bf6 1-0

[Event "I Open Lago Maggiore A"]
[Site "Leggiuno ITA"]
[Date "2014.05.31"]
[Round "3"]
[White "Kiss, Pal"]
[Black "Gardi, Giuseppe"]
[WhiteElo "2348"]
[BlackElo "1958"]
[Result "1-0"]
[PlyCount "85"]
[EventDate "2014.05.30"]

1. d4 g6 2. e4 Bg7 3. c4 d6 4. Nc3 Nf6 5. Nf3 O-O 6. Be2 Nbd7 7. O-O e5 8. Re1
Re8 9. Bf1 c6 10. Rb1 a5 11. b3 Nh5 12. Be3 Nf8 13. h3 Ne6 14. d5 cxd5 15. cxd5
Nc5 16. Bb5 Bd7 17. Nd2 b6 18. Bxd7 Qxd7 19. Nc4 Rab8 20. Bxc5 bxc5 21. Nxa5
Nf4 22. Nc6 Rb7 23. a4 f5 24. a5 Qf7 25. a6 Rb6 26. Ra1 Ra8 27. a7 Qb7 28. Ra3
Bf8 29. f3 Kg7 30. Kh2 Nh5 31. Qc2 Qd7 32. Qa2 Nf4 33. Qc2 h6 34. Rb1 Qf7 35.
Ra4 Qf6 36. b4 c4 37. b5 Nd3 38. Rxc4 fxe4 39. Nxe4 Qf4+ 40. Kh1 Qe3 41. Rc3
Rxb5 42. Rxb5 Qe1+ 43. Kh2 1-0

[Event "I Open Lago Maggiore A"]
[Site "Leggiuno ITA"]
[Date "2014.05.31"]
[Round "3"]
[White "Paleologu, Vladimir"]
[Black "Moroni, Luca jr"]
[WhiteElo "2159"]
[BlackElo "2327"]
[Result "0-1"]
[PlyCount "110"]
[EventDate "2014.05.30"]

1. e4 e6 2. d4 d5 3. e5 c5 4. c3 Nc6 5. g3 Qb6 6. Ne2 cxd4 7. cxd4 f6 8. f4 Be7
9. Nbc3 Nh6 10. Bh3 O-O 11. O-O Qd8 12. Be3 b6 13. Rf2 f5 14. Nc1 Na5 15. Nd3
Ba6 16. Rc2 Bxd3 17. Qxd3 Nc4 18. Bc1 Rc8 19. Kf2 Qd7 20. Bf1 Rc7 21. h3 Rfc8
22. Qd1 Nf7 23. Kg1 a6 24. Bd3 Nd8 25. g4 b5 26. Rg2 Nc6 27. gxf5 exf5 28. Qf3
Rd8 29. Ne2 Nb4 30. Bb1 Rf8 31. Kh2 Qe6 32. a3 Nc6 33. b3 Nb6 34. Bd3 Na5 35.
Rb1 g6 36. Bd2 Nc6 37. Ra1 Ra8 38. h4 Kf7 39. h5 b4 40. a4 Na5 41. Rb1 Nd7 42.
Qh3 Rg8 43. Bxa6 Qxa6 44. Rbg1 Rc2 45. hxg6+ hxg6 46. Ng3 Qe6 47. Nf1 Nf8 48.
Kh1 Rb2 49. Rg3 Rg7 50. Qg2 Nxb3 51. Rh3 Rh7 52. Rxh7+ Nxh7 53. Qh3 Nf8 54. Be1
Nxd4 55. Qd3 Ne2 0-1

[Event "I Open Lago Maggiore A"]
[Site "Leggiuno ITA"]
[Date "2014.05.31"]
[Round "3"]
[White "Qendro, Llambi"]
[Black "Mantovani, Renzo"]
[WhiteElo "2338"]
[BlackElo "2346"]
[Result "1/2-1/2"]
[PlyCount "24"]
[EventDate "2014.05.30"]

1. d4 d5 2. c4 c6 3. cxd5 cxd5 4. Nf3 Nf6 5. Nc3 Nc6 6. Bf4 e6 7. e3 Bd6 8.
Bxd6 Qxd6 9. Bb5 Bd7 10. O-O O-O 11. Qe2 Rfc8 12. Rac1 a6 1/2-1/2

[Event "I Open Lago Maggiore A"]
[Site "Leggiuno ITA"]
[Date "2014.05.31"]
[Round "3"]
[White "Sanchez, Joseph"]
[Black "Sipos, Istvan"]
[WhiteElo "2512"]
[BlackElo "2477"]
[Result "1/2-1/2"]
[PlyCount "56"]
[EventDate "2014.05.30"]

1. e4 e6 2. d4 d5 3. Nc3 Bb4 4. e5 Ne7 5. a3 Bxc3+ 6. bxc3 c5 7. Nf3 b6 8. Bb5+
Bd7 9. a4 Bxb5 10. axb5 a6 11. O-O Qd7 12. c4 O-O 13. dxc5 bxc5 14. Bg5 Re8 15.
Qe2 Qb7 16. Bxe7 Rxe7 17. cxd5 exd5 18. c4 dxc4 19. bxa6 Rxa6 20. Rfb1 Rb6 21.
Rxb6 Qxb6 22. Qxc4 Nd7 23. Rc1 Qb7 24. Ng5 Nxe5 25. Qxc5 h6 26. Qxe7 Qxe7 27.
Rc8+ Qf8 28. Rxf8+ Kxf8 1/2-1/2

[Event "I Open Lago Maggiore A"]
[Site "Leggiuno ITA"]
[Date "2014.06.01"]
[Round "4"]
[White "Boschetti, Claudio"]
[Black "Kiss, Pal"]
[WhiteElo "2114"]
[BlackElo "2348"]
[Result "0-1"]
[PlyCount "52"]
[EventDate "2014.05.30"]

1. e4 c5 2. Nf3 Nc6 3. d4 cxd4 4. c3 dxc3 5. Nxc3 e6 6. Bc4 a6 7. O-O Nge7 8.
Qe2 b5 9. Bb3 Ng6 10. Bg5 f6 11. Be3 Na5 12. Rfd1 Nxb3 13. axb3 Bb7 14. Nd4 Qb8
15. Qg4 Be7 16. h4 O-O 17. h5 Ne5 18. Qh3 Qe8 19. f4 Nf7 20. f5 Bc5 21. fxe6
dxe6 22. b4 Bxb4 23. Nxe6 Bc8 24. Nc7 Bxh3 25. Nxe8 Bxc3 26. bxc3 Bg4 0-1

[Event "I Open Lago Maggiore A"]
[Site "Leggiuno ITA"]
[Date "2014.06.01"]
[Round "4"]
[White "Ceccarini, Marco"]
[Black "Cacciola, Alfredo"]
[WhiteElo "2095"]
[BlackElo "2104"]
[Result "0-1"]
[PlyCount "156"]
[EventDate "2014.05.30"]

1. e4 c5 2. Nc3 Nc6 3. g3 g6 4. Bg2 Bg7 5. d3 d6 6. Be3 e6 7. Qd2 Rb8 8. Nge2
Nd4 9. O-O Ne7 10. Nd1 O-O 11. Nc1 b5 12. c3 Ndc6 13. Bh6 b4 14. Bxg7 Kxg7 15.
Ne3 bxc3 16. bxc3 Ba6 17. f4 f6 18. h4 Qb6 19. Rf2 h6 20. Bh3 e5 21. Nb3 Bc8
22. Bxc8 Rbxc8 23. Raf1 Qb8 24. Ng4 Ng8 25. fxe5 fxe5 26. h5 g5 27. Ne3 Nce7
28. Nf5+ Nxf5 29. Rxf5 Rxf5 30. Rxf5 Rf8 31. Qf2 Ne7 32. Rxf8 Qxf8 33. Na5 Qe8
34. Qe2 Ng8 35. Nc4 Qd7 36. g4 Nf6 37. Ne3 Ne8 38. Nf5+ Kh7 39. Qf2 Qa4 40.
Nxh6 Kxh6 41. Qf8+ Kh7 42. Qf7+ Ng7 43. Qg6+ Kg8 44. h6 Qd1+ 45. Kf2 Qd2+ 46.
Kg1 Qe1+ 47. Kg2 Qe2+ 48. Kh1 Qf3+ 49. Kh2 Qf2+ 50. Kh1 Qh4+ 51. Kg2 Qxg4+ 52.
Kf1 Qd1+ 53. Kf2 Qd2+ 54. Kg1 Qe1+ 55. Kg2 Qe2+ 56. Kg1 Qg4+ 57. Kf2 Qh4+ 58.
Kf1 Qh3+ 59. Kf2 Qh4+ 60. Kf1 Qf4+ 61. Ke1 Qe3+ 62. Kf1 Qxd3+ 63. Kg2 Qd2+ 64.
Kg1 Qd1+ 65. Kf2 Qc2+ 66. Kf1 Qb1+ 67. Ke2 Qxa2+ 68. Kf1 Qb1+ 69. Kf2 Qc2+ 70.
Kf1 Qd1+ 71. Kf2 Qd2+ 72. Kf1 Qf4+ 73. Ke1 Qe3+ 74. Kf1 Qf3+ 75. Kg1 Qg3+ 76.
Kf1 Qh3+ 77. Ke2 Qd7 78. Qxg5 Qf7 0-1

[Event "I Open Lago Maggiore A"]
[Site "Leggiuno ITA"]
[Date "2014.06.01"]
[Round "4"]
[White "Mantovani, Renzo"]
[Black "Sanchez, Joseph"]
[WhiteElo "2346"]
[BlackElo "2512"]
[Result "1/2-1/2"]
[PlyCount "126"]
[EventDate "2014.05.30"]

1. e4 c5 2. Nf3 Nc6 3. d4 cxd4 4. Nxd4 Nf6 5. Nc3 e5 6. Ndb5 d6 7. Bg5 a6 8.
Na3 b5 9. Nd5 Be7 10. Bxf6 Bxf6 11. c3 O-O 12. Nc2 Bg5 13. a4 bxa4 14. Rxa4 a5
15. Bb5 Bb7 16. O-O Ne7 17. Nxe7+ Qxe7 18. Qd3 Rfd8 19. Bc4 Bc6 20. Ra2 Rab8
21. b4 Qb7 22. Bd5 Bxd5 23. Qxd5 Qxd5 24. exd5 axb4 25. Nxb4 Rdc8 26. Nc6 Rb3
27. c4 h5 28. g3 h4 29. Kg2 Rc3 30. f4 exf4 31. gxh4 Bf6 32. Rxf4 Re8 33. Raf2
Kh7 34. h5 Kh6 35. Nd4 Bxd4 36. Rxd4 f6 37. Rdf4 Re5 38. R2f3 Rc2+ 39. Rf2 Rc1
40. Rf1 Rc3 41. R1f3 Re2+ 42. Rf2 Re7 43. R2f3 Rc2+ 44. Rf2 Rc1 45. Rf1 Rxf1
46. Kxf1 Kxh5 47. Rd4 g5 48. c5 dxc5 49. Rc4 Re5 50. Rxc5 f5 51. Kf2 f4 52. Ra5
Kg4 53. Rb5 Kh4 54. Ra5 Kh3 55. Ra3+ Kxh2 56. Rd3 g4 57. d6 Re8 58. d7 Rd8 59.
Rd6 g3+ 60. Kf3 g2 61. Rh6+ Kg1 62. Rg6 Rxd7 63. Rxg2+ Kf1 1/2-1/2

[Event "I Open Lago Maggiore A"]
[Site "Leggiuno ITA"]
[Date "2014.06.01"]
[Round "4"]
[White "Paleologu, Vladimir"]
[Black "Qendro, Llambi"]
[WhiteElo "2159"]
[BlackElo "2338"]
[Result "1/2-1/2"]
[PlyCount "52"]
[EventDate "2014.05.30"]

1. e4 g6 2. d4 Bg7 3. Nc3 c6 4. Bc4 d6 5. Qf3 e6 6. Nge2 Nd7 7. Bf4 Ngf6 8. Bb3
Qe7 9. O-O-O O-O 10. h3 e5 11. Bg5 a5 12. a4 Re8 13. Rhe1 Rb8 14. Bc4 h6 15.
Bh4 Nf8 16. g4 g5 17. Bg3 Bd7 18. Qd3 b5 19. Bb3 bxa4 20. Bxa4 Rb4 21. dxe5
dxe5 22. f3 Reb8 23. Qd6 Qxd6 24. Rxd6 Ne8 25. Rd3 Nc7 26. b3 Nfe6 1/2-1/2

[Event "I Open Lago Maggiore A"]
[Site "Leggiuno ITA"]
[Date "2014.06.01"]
[Round "4"]
[White "Sipos, Istvan"]
[Black "Moroni, Luca jr"]
[WhiteElo "2477"]
[BlackElo "2327"]
[Result "1-0"]
[PlyCount "79"]
[EventDate "2014.05.30"]

1. c4 e6 2. g3 d5 3. Bg2 dxc4 4. Nf3 a6 5. O-O Nf6 6. Qc2 b5 7. Ne5 Nd5 8. d3
Bd6 9. dxc4 Bxe5 10. cxd5 exd5 11. Rd1 c6 12. e4 d4 13. Nd2 O-O 14. Nb3 Be6 15.
f4 Bxb3 16. axb3 Bc7 17. e5 Bb6 18. Kh1 Qe7 19. Bd2 Ra7 20. b4 Rc8 21. Rac1
Rac7 22. Qd3 Nd7 23. Qa3 a5 24. bxa5 Qxa3 25. bxa3 Ba7 26. Bh3 c5 27. e6 fxe6
28. Bxe6+ Kh8 29. f5 c4 30. Bf4 c3 31. Bxc7 Rxc7 32. Bxd7 Rxd7 33. Rxc3 h6 34.
Rc8+ Kh7 35. Rd3 h5 36. Kg2 Rf7 37. a6 Rf6 38. Rc7 Rxa6 39. f6 Kg8 40. f7+ 1-0

[Event "I Open Lago Maggiore A"]
[Site "Leggiuno ITA"]
[Date "2014.06.01"]
[Round "4"]
[White "Tomasini, Giovanni"]
[Black "Bender, Dirk"]
[WhiteElo "2105"]
[BlackElo "2072"]
[Result "0-1"]
[PlyCount "82"]
[EventDate "2014.05.30"]

1. e4 c5 2. Nf3 g6 3. Nc3 Bg7 4. Bc4 Nc6 5. O-O e6 6. d3 Nge7 7. Be3 d5 8. exd5
exd5 9. Nxd5 Nxd5 10. Bxc5 Be6 11. c3 Qd7 12. Ng5 O-O-O 13. Nxe6 fxe6 14. d4
Bf8 15. Re1 Bxc5 16. dxc5 Qf7 17. Qg4 Qf5 18. Qxf5 exf5 19. g3 Nf6 20. b4 Rhe8
21. Be6+ Kc7 22. b5 Nb8 23. a4 Ne4 24. b6+ axb6 25. cxb6+ Kxb6 26. Bf7 Rf8 27.
f3 Ng5 28. Rab1+ Kc7 29. Re7+ Rd7 30. Rxd7+ Nxd7 31. Bd5 Nb6 32. Bxb7 Kxb7 33.
a5 Rf6 34. Kf2 Ka6 35. axb6 Rxb6 36. Ra1+ Kb7 37. Ra2 Rb3 38. h4 Ne6 39. Re2
Rb6 40. Re5 Kc7 41. Rd5 Rb2+ 0-1

[Event "I Open Lago Maggiore A"]
[Site "Leggiuno ITA"]
[Date "2014.06.01"]
[Round "5"]
[White "Bender, Dirk"]
[Black "Paleologu, Vladimir"]
[WhiteElo "2072"]
[BlackElo "2159"]
[Result "0-1"]
[PlyCount "108"]
[EventDate "2014.05.30"]

1. c4 e5 2. g3 Nf6 3. Bg2 d5 4. cxd5 Nxd5 5. Nc3 Nb6 6. Nf3 Nc6 7. d3 Be7 8.
O-O g5 9. Be3 g4 10. Ne1 Nd4 11. Rc1 c6 12. Nc2 Nf5 13. Qd2 h5 14. Rcd1 h4 15.
b3 hxg3 16. fxg3 Be6 17. d4 Qc7 18. dxe5 Rd8 19. Nd4 Qxe5 20. Rxf5 Bxf5 21. Qc1
Ba3 22. Bf4 Qxd4+ 23. Rxd4 Bxc1 24. Rxd8+ Kxd8 25. Bxc1 Kc8 26. Ne4 Rd8 27. Bf4
Rd1+ 28. Kf2 Kd8 29. Nd6 Bb1 30. Nxb7+ Ke7 31. Bxc6 Bxa2 32. b4 Nc8 33. Be3 Bd5
34. Bc5+ Kf6 35. Na5 Ke6 36. Ke3 f5 37. Kf4 Rf1+ 38. Kg5 a6 39. Be3 Ne7 40.
Bxd5+ Nxd5 41. Bc5 Nc3 42. Nb3 Nxe2 43. Be3 Rf3 44. Nc5+ Kd5 45. Bf4 Nxf4 46.
gxf4 a5 47. bxa5 Kxc5 48. Kxf5 Rh3 49. Kxg4 Rxh2 50. Kf5 Kd6 51. Kf6 Ra2 52.
Kf5 Rxa5+ 53. Kg6 Ke7 54. f5 Kf8 0-1

[Event "I Open Lago Maggiore A"]
[Site "Leggiuno ITA"]
[Date "2014.06.01"]
[Round "5"]
[White "Gardi, Giuseppe"]
[Black "Medici, Simone"]
[WhiteElo "1958"]
[BlackElo "2122"]
[Result "1-0"]
[PlyCount "93"]
[EventDate "2014.05.30"]

1. d4 c5 2. d5 e6 3. c4 Nf6 4. Nc3 exd5 5. cxd5 d6 6. e4 Be7 7. Bb5+ Nbd7 8.
Nf3 O-O 9. a4 a6 10. Bd3 Ng4 11. O-O Nde5 12. Nxe5 Nxe5 13. Be2 f5 14. f4 Ng6
15. Qb3 b6 16. e5 Kh8 17. e6 Bf6 18. Be3 Bb7 19. Rad1 Ne7 20. Bf3 Qc7 21. Rf2
g5 22. g3 g4 23. Bh1 h5 24. Rc2 Kg7 25. Ne2 Rab8 26. Bd4 Qd8 27. Bxf6+ Rxf6 28.
Qc3 b5 29. axb5 axb5 30. b4 c4 31. Qd4 Kg6 32. Nc3 Rf8 33. Ra2 h4 34. Ra5 hxg3
35. hxg3 Rh8 36. Bg2 Bc8 37. Rxb5 Rxb5 38. Nxb5 Ba6 39. Nxd6 Rh7 40. Nf7 Qc8
41. Ne5+ Kh5 42. Kf2 Kh6 43. Rh1+ Kg7 44. Nc6+ Kg6 45. Rxh7 Kxh7 46. Nxe7 Qb7
47. Nc6 1-0

[Event "I Open Lago Maggiore A"]
[Site "Leggiuno ITA"]
[Date "2014.06.01"]
[Round "5"]
[White "Kiss, Pal"]
[Black "Mantovani, Renzo"]
[WhiteElo "2348"]
[BlackElo "2346"]
[Result "1/2-1/2"]
[PlyCount "51"]
[EventDate "2014.05.30"]

1. d4 d6 2. Nf3 Bg4 3. c4 c6 4. Nc3 Nd7 5. e4 e5 6. Be2 Be7 7. d5 cxd5 8. cxd5
Bxf3 9. Bxf3 Bg5 10. O-O Bxc1 11. Rxc1 Ngf6 12. Bg4 O-O 13. Bh3 Qb6 14. Qe2
Rfc8 15. Bxd7 Nxd7 16. Qb5 Rd8 17. Qxb6 Nxb6 18. b3 Rac8 19. Nb5 a6 20. Rxc8
Nxc8 21. Na3 Nb6 22. Rc1 Kf8 23. Kf1 Ke7 24. Rc7+ Rd7 25. Rxd7+ Nxd7 26. Ke2
1/2-1/2

[Event "I Open Lago Maggiore A"]
[Site "Leggiuno ITA"]
[Date "2014.06.01"]
[Round "5"]
[White "Moroni, Luca jr"]
[Black "Ceccarini, Marco"]
[WhiteElo "2327"]
[BlackElo "2095"]
[Result "1-0"]
[PlyCount "147"]
[EventDate "2014.05.30"]

1. Nf3 f5 2. c4 Nf6 3. g3 g6 4. b3 Bg7 5. Bb2 O-O 6. Bg2 d6 7. d4 Ne4 8. Nbd2
c5 9. O-O Nc6 10. e3 Qa5 11. Nxe4 fxe4 12. Ne1 cxd4 13. exd4 d5 14. Nc2 e6 15.
Ne3 Bh6 16. Ng4 Bg7 17. Ne3 Bh6 18. Qe2 Bd7 19. Rfc1 Bxe3 20. Qxe3 Ne7 21. Bc3
Qb6 22. Qd2 Rf7 23. Ba5 Qa6 24. Bb4 Raf8 25. Bxe7 Rxe7 26. Qb4 Ref7 27. Rc2 Bc6
28. Qd6 Rf6 29. Bh3 Bb5 30. Qc5 Bc6 31. Bf1 Qb6 32. Qxb6 axb6 33. a4 Rf3 34. b4
e3 35. fxe3 Bxa4 36. Rc3 Bc6 37. Bg2 R3f5 38. b5 Be8 39. e4 dxe4 40. Bxe4 Rf2
41. Bxb7 Rd2 42. c5 Bxb5 43. c6 Rxd4 44. Rb1 Ba4 45. c7 Bd7 46. c8=Q Bxc8 47.
Rxc8 Rxc8 48. Bxc8 Rd6 49. Rb5 Kg7 50. Bb7 Kf6 51. Kg2 h6 52. Kf3 g5 53. Kg4
Rd4+ 54. Kh5 Rd2 55. h4 gxh4 56. gxh4 Rd7 57. Rxb6 Rd4 58. Rc6 Rb4 59. Bc8 Re4
60. Rc7 Ke5 61. Rh7 Kf4 62. Rg7 Ke5 63. Rg6 Rc4 64. Bxe6 Rf4 65. Bg4 Rf8 66.
Kxh6 Kf4 67. h5 Rf7 68. Be6 Re7 69. Rf6+ Ke5 70. Kg6 Ra7 71. h6 Re7 72. Bf7 Ra7
73. h7 Ra8 74. Re6+ 1-0

[Event "I Open Lago Maggiore A"]
[Site "Leggiuno ITA"]
[Date "2014.06.01"]
[Round "5"]
[White "Sanchez, Joseph"]
[Black "Qendro, Llambi"]
[WhiteElo "2512"]
[BlackElo "2338"]
[Result "1-0"]
[PlyCount "22"]
[EventDate "2014.05.30"]

1. e4 g6 2. d4 Bg7 3. Nc3 c6 4. f4 d5 5. e5 Nh6 6. Nf3 O-O 7. Bd3 Bg4 8. O-O f6
9. h3 Bxf3 10. Rxf3 fxe5 11. dxe5 e6 {...} 1-0

[Event "II Weekend Wasken Boys"]
[Site "Lodi ITA"]
[Date "2014.06.06"]
[Round "1"]
[White "Finelli, Carmine"]
[Black "Raimondi, Celso"]
[WhiteElo "1440"]
[BlackElo "1655"]
[Result "1-0"]
[PlyCount "119"]
[EventDate "2014.06.06"]

1. e4 c5 2. Bc4 e6 3. d3 a6 4. Nh3 d6 5. c3 Nf6 6. Bg5 Be7 7. Nd2 Nc6 8. a3 O-O
9. f4 Qc7 10. O-O b5 11. Ba2 Bb7 12. Qf3 Rac8 13. Qg3 Kh8 14. Rae1 d5 15. Bxf6
gxf6 16. exd5 exd5 17. Bxd5 Rcd8 18. Be4 Rg8 19. Qf3 Rg7 20. Re2 Rdg8 21. g3
Nd8 22. Rfe1 Bd6 23. Bxb7 Nxb7 24. Re8 Qd7 25. Rxg8+ Kxg8 26. Nf2 f5 27. Nh3
Nd8 28. Nb3 Ne6 29. Qa8+ Bf8 30. Nc1 Qd6 31. Qf3 Be7 32. Kh1 h6 33. Ng1 Bd8 34.
Nh3 Bc7 35. Nf2 Kh7 36. Nd1 a5 37. Re5 Kg6 38. Ne3 f6 39. Rxf5 Kf7 40. Rh5 Nxf4
41. gxf4 Qxf4 42. Qxf4 Bxf4 43. Rh3 Ke6 44. Nb3 c4 45. dxc4 bxc4 46. Nxa5 Bb8
47. Rxh6 Ba7 48. Naxc4 Rd7 49. Ng4 Rd1+ 50. Kg2 Rg1+ 51. Kh3 Kd5 52. Nce3+ Ke4
53. Nc4 f5 54. Nf6+ Kf3 55. Ne5+ Kf4 56. Nd3+ Ke3 57. Nb4 Bb8 58. Nbd5+ Kf3 59.
Nd7 Bd6 60. Rxd6 1-0